Chémia v životnom prostredí. Učebné texty pre bakalárske štúdium /

Uloženo v:
Podrobná bibliografie
Hlavní autor: Brokeš, Peter
Médium: Kniha
Jazyk:slovenština
Vydáno: Bratislava : Slovenská technická univerzita v Bratislave, 1995
Vydání:1. vyd.
Témata:
ISBN:8022707953
On-line přístup: Získat plný text
Tagy: Přidat tag
Žádné tagy, Buďte první, kdo vytvoří štítek k tomuto záznamu!

MARC

LEADER 00000nam a2200000 4500
003 SK-BrCVT
005 20220617195105.0
008 960402s1995 xo e ||||||slo d
020 |a 8022707953 
035 |a CVTIDW0937292 
040 |b slo  |a CVTI SR 
041 0 |a slo 
044 |a xo 
080 |a 504:54  |2 UDC-MRF 
100 1 |a Brokeš, Peter 
245 1 0 |a Chémia v životnom prostredí. Učebné texty pre bakalárske štúdium /  |c Peter Brokeš 
250 |a 1. vyd. 
260 |a Bratislava :  |b Slovenská technická univerzita v Bratislave,  |c 1995 
300 |a 125 s. :  |b lit., obr., tab. ; 
653 1 |a biochemický proces  |a chemizácia  |a toxikológia  |a ťažký kov  |a azbest  |a voda  |a ovzdušie 
692 |a BA VD PO MM 
910 |b S552850  |b S552851  |b S552852  |b S552853  |b S552854  |b S552855  |b S552856  |b S552857  |b S552858 
919 |a 80-227-0795-3 
974 |f Knihy 
992 |a ASK 
999 |c 103691  |d 103691